Desať najväčších omylov antikapitalistov kritika kritiky kapitalizmu

Salvato in:
Dettagli Bibliografici
Autore principale: Zitelmann, Rainer
Natura: Libro
Lingua:slovacco
Pubblicazione: Bratislava MAFRA Slovakia 2022
Edizione:1. vydanie
Soggetti:
Tags: Aggiungi Tag
Nessun Tag, puoi essere il primo ad aggiungerne!!

MARC

LEADER 00000nam a2200000 4500
001 0291904
005 20240416114206.0
020 |a 978-80-8254-060-7 
041 0 |a slo 
044 |a SK 
245 1 0 |a Desať najväčších omylov antikapitalistov  |b kritika kritiky kapitalizmu  |c Rainer Zitelmann 
250 |a 1. vydanie 
264 1 |a Bratislava  |b MAFRA Slovakia  |c 2022 
300 |a 349 s. 
610 2 0 |a kapitalizmus 
610 2 0 |a socializmus 
610 2 0 |a hospodárstvo svetové 
610 2 0 |a hospodárstvo trhové 
610 2 0 |a chudoba 
610 2 0 |a nerovnosť 
610 2 0 |a spotreba 
610 2 0 |a ochrana prostredia životného 
610 2 0 |a konflikty medzinárodné 
100 1 |a Zitelmann, Rainer